Formation of the madras presidency / (Record no. 42733)

MARC details
000 -LEADER
fixed length control field 00930nam a22002537a 4500
005 - DATE AND TIME OF LATEST TRANSACTION
control field 20100820145811.0
010 ## - LCCN (DPL NO)
LC control number ENG-101092
020 ## - INTERNATIONAL STANDARD BOOK NUMBER
International Standard Book Number 9788190674256
Terms of availability 60.00
020 ## - INTERNATIONAL STANDARD BOOK NUMBER
International Standard Book Number 8190674250
Terms of availability 60.00
035 ## - SYSTEM CONTROL NUMBER
System control number EN-84625
037 ## - SOURCE OF ACQUISITION
Source of stock number/acquisition DBAD/PUB
082 ## - DEWEY DECIMAL CLASSIFICATION NUMBER
Classification number 320.95482
100 ## - MAIN ENTRY--PERSONAL NAME
Personal name Kuppan, R.
245 ## - TITLE STATEMENT
Title Formation of the madras presidency /
Statement of responsibility, etc by R. Kuppan
260 ## - PUBLICATION, DISTRIBUTION, ETC. (IMPRINT)
Place of publication, distribution, etc Chennai
Name of publisher, distributor, etc Fire Pen Publication
Date of publication, distribution, etc 2008
270 ## - ADDRESS
Address #11A, I Floor, IV Lane, Somu Street, Royapuram
City Chennai
Postal code 600013
300 ## - PHYSICAL DESCRIPTION
Extent xii,125p.
Dimensions 21cm (pbk)
500 ## - GENERAL NOTE
General note includes bibliographical references and index
650 ## - SUBJECT ADDED ENTRY--TOPICAL TERM
Geographic subdivision India - Tamilnadu
650 ## - SUBJECT ADDED ENTRY--TOPICAL TERM
Topical term or geographic name as entry element Political Science
650 ## - SUBJECT ADDED ENTRY--TOPICAL TERM
Geographic subdivision India - Madras (Presidency)
942 ## - ADDED ENTRY ELEMENTS (KOHA)
Source of classification or shelving scheme Dewey Decimal Classification
Item type English Books
Classification part 320.95482
Call number suffix KUP
Holdings
Withdrawn status Lost status Not for loan Collection code Home library Current library Date acquired Source of acquisition Cost, normal purchase price Full call number Barcode Copy number Cost, replacement price Koha item type
    Not For Loan Fiction D.B.Act.Division D.B.Act.Division 20/08/2010 DBAD/PUB 60.00 320.95482 KUP EN-84625 1 60.00 English Books

© Delhi Public Library
Hit Counter
free hit counter